Pasajes: escuela media-enseñanza superior. Propuestas en torno a la lectura y la escritura

Spremljeno u:
Bibliografski detalji
Glavni autor: Narvaja de Arnoux, Elvira (autora)
Format: Knjiga
Jezik:španjolski
Izdano: Buenos Aires Biblos 2009
Izdanje:1a. ed
Teme:
Oznake: Dodaj oznaku
Bez oznaka, Budi prvi tko označuje ovaj zapis!

MARC

LEADER 00000nam a2200000 a 4500
001 UCH2472
003 CL-VaPUC
008 090611e20090300AG |||||||||||||||||spa|d
020 |a 9789507867248 
082 0 4 |a 470.711  |b NAR  |2 21 
100 |a Narvaja de Arnoux, Elvira  |e autora  |9 868053 
245 1 0 |a Pasajes: escuela media-enseñanza superior. Propuestas en torno a la lectura y la escritura 
250 |a 1a. ed 
300 |a 255 p 
942 |c BK 
945 |d 20090611 00:00:00  |a dcastane 
260 |a Buenos Aires  |b Biblos  |c 2009 
650 0 |a Escritura  |9 264941 
650 0 |a Enseñanza de la escritura  |9 307377 
650 0 |a Enseñanza de la lectura  |9 308364 
650 0 |a Educación superior   |9 223851 
583 |a last modification  |c 20090611 00:00:00  |k Rodrigo Vera 
999 |c 334205  |d 334203 
952 |0 0  |1 0  |4 0  |6 470_711000000000000_NAR_2009  |7 0  |8 A  |9 423053  |a FDOPOS  |b FDOPOS  |d 2019-11-22  |i 4562364  |o 470.711 NAR 2009  |p 4562364  |r 2025-01-22  |w 2019-11-22  |y BK  |k DLA 
952 |0 0  |1 0  |4 0  |6 470_711000000000000_NAR_2009  |7 0  |8 A  |9 423054  |a FDOPOS  |b FDOPOS  |d 2019-11-22  |i 4562372  |o 470.711 NAR 2009  |p 4562372  |r 2025-01-22  |w 2019-11-22  |y BK  |k DLA 
952 |0 0  |1 0  |4 0  |6 470_711000000000000_NAR_2009  |7 0  |8 A  |9 423055  |a BIBEDU  |b BIBEDU  |d 2019-11-22  |i 4723732  |o 470.711 NAR 2009  |p 4723732  |r 2019-11-22  |w 2019-11-22  |y BK  |k EPE